Svetová kráľovná odpadového papiera
Podnikateľka Žang Jin (Zhang Yin) ako hviezda búrlivo sa rozvíjajúceho prostredia čínskej podnikateľskej elity. Veľkoobjemový dovoz odpadového papiera s USA do Číny ako zdroj bohatstva. Založenie firmy v USA a neskôr v Číne. Výroba kartónov z odpadového papiera. Vstup firmy na hongkongskú burzu.
Salvato in:
| Autore principale: | |
|---|---|
| Natura: | Capitolo di libro |
| Lingua: | slovacco |
| Soggetti: | |
| Tags: |
Nessun Tag, puoi essere il primo ad aggiungerne!!
|
MARC
| LEADER | 00000naa$a2200000$$$4500 | ||
|---|---|---|---|
| 001 | 0050057 | ||
| 005 | 20230719095820.6 | ||
| 041 | 0 | |a slo | |
| 044 | |a SK | ||
| 245 | 1 | 0 | |a Svetová kráľovná odpadového papiera |c Adrian Peter Pressburg |
| 520 | |a Podnikateľka Žang Jin (Zhang Yin) ako hviezda búrlivo sa rozvíjajúceho prostredia čínskej podnikateľskej elity. Veľkoobjemový dovoz odpadového papiera s USA do Číny ako zdroj bohatstva. Založenie firmy v USA a neskôr v Číne. Výroba kartónov z odpadového papiera. Vstup firmy na hongkongskú burzu. | ||
| 610 | 2 | 0 | |a podnikanie |
| 610 | 2 | 0 | |a podnikatelia |
| 610 | 2 | 0 | |a obchod |
| 610 | 2 | 0 | |a dovoz |
| 610 | 2 | 0 | |a výroba |
| 610 | 2 | 0 | |a odpad |
| 610 | 2 | 0 | |a papier |
| 610 | 2 | 0 | |a zisk |
| 610 | 2 | 0 | |a firmy |
| 610 | 2 | 0 | |a Čína |
| 100 | 1 | |a Pressburg, Adrian Peter | |